000 00995cam a2200253 4500
008 000000n1999 000 0 eng u
020 _a2884320237
035 _a(Sirsi) u109336
050 _a624.08
110 _aFederation Internationale des Ingenieurs-Conseils
_9764
245 _aConditions of contract for plant and design-build for electrical and mechanical works and for building and engineering works designed by the contractor.
250 _a1st ed
260 _aLausanne
_bFIDIC
_c1999
300 _a(118)p. ; 30cm.
350 _a27.50
520 _aSuperseded by 2 ed 9782884320825
650 _aENGINEERING CONTRACTS
650 _aINTERNATIONAL CONTRACTS
650 _aBUILT ENVIRONMENT-BUILDING CONTRACT FORMS-STANDARD FORMS OF BUILDING CONTRACT-INTERNATIONAL FEDERATION OF CONSULTING ENGINEERS CONTRACTS
650 _aDESIGN AND BUILD CONTRACTS
650 _aMECHANICAL AND ELECTRICAL WORKS
690 _aBUILT ENVIRONMENT-BUILDING CONTRACT FORMS
942 _n0
999 _c100926
_d100926